SC Freiburg Squad 2022-2023 - Statistics

General Stats
  • This quiz has been taken 17 times
  • The average score is 21 of 30
Answer Stats
# Position Nation Player % Correct
32 FW Italy Vincenzo Grifo
100%
30 DF Germany Christian Günter
94%
9 FW Germany Lucas Höler
94%
26 GK Netherlands Mark Flekken
94%
22 FW Hungary Roland Sallai
94%
- Coach Germany Christian Streich
88%
25 DF France Kiliann Sildillia
88%
28 DF Germany Matthias Ginter
88%
27 MF Germany Nicolas Höfler
88%
3 DF Austria Philipp Lienhart
88%
42 FW Japan Ritsu Dōan
88%
38 FW Austria Michael Gregoritsch
75%
18 FW Germany Nils Petersen
75%
29 FW South Korea Woo-yeong Jeong
75%
11 MF Ghana Daniel-Kofi Kyereh
69%
7 DF France Jonathan Schmid
69%
20 FW Germany Kevin Schade
69%
21 GK Germany Noah Atubolu
69%
14 MF Germany Yannik Keitel
69%
1 GK Germany Benjamin Uphoff
63%
31 DF Germany Keven Schlotterbeck
63%
8 MF Germany Maximilian Eggestein
63%
17 DF Germany Lukas Kübler
56%
34 MF Germany Merlin Röhl
56%
33 FW Germany Noah Weißhaupt
56%
5 DF Germany Manuel Gulde
50%
35 DF Germany Kenneth Schmidt
38%
2 DF Belgium Hugo Siquet
31%
24 DF Germany Kimberly Ezekwem
13%
23 MF Germany Robert Wagner
13%
No matching quizzes found
Score Distribution
Percent of People with Each Score
Percentile by Number Answered
Your Score History
You have not taken this quiz